000 00992nac a22003137a 4500
001 BR6700051
003 BR-BrBNA
005 20240105113315.0
008 230509b bl.|||m| |||| 00| 0 por d
040 _aBR-BrBNA
_bpor
_cBiblioteca Nacional de Agricultura
072 _aL00; E15
090 _a9410 BR6700051
110 1 _aDepartamento Estadual de Estatistica, Curitiba, PR (Brasil)
_93180
245 1 _aProdutos de origem animal, anos de 1964 e 1965 [Estatistica de producao; Leite; Manteiga; La; Ovo; Mel; Cera; Parana; Brasil]
260 3 _aCuritiba, PR (Brasil):
_c1967.
300 _a27 p.
490 _aProdutos de Origem Animal - Departamento Estadual de Estatistica (Brazil)
_v
_x
500 _aNumerical data
650 _aLEITE
650 _aMANTEIGA
650 _aLA
650 _aOVO
650 _aMEL
650 _aCERA
650 _aESTATISTICA DE PRODUCAO
650 _aPARANA
909 _a202312
_bLúcia Elande
_c55
_dLúcia Elande
942 _2AGRIS
_n0
_cMS
999 _c263005
_d263005